La destrucción creadora y la teoría del valor trabajo: un modelo heterodoxo =

Se presenta un modelo sobre el proceso de destrucción creadora presente en el capitalismo a partir de la integración de varios postulados comunes a la teoría económica marciana y la neoclásica. Se demuestra, desde los planteamientos teóricos de Marx, Schumpter y Samuelson, y desde el modelo del trab...

全面介紹

Guardado en:
書目詳細資料
主要作者: Fisher, Eloy
格式: Texto
主題:
標簽: 添加標簽
沒有標簽, 成為第一個標記此記錄!

MARC

LEADER 00000 a a2200000 04500
001 41094
003
040 |a CRAI/IIS  |c CRAI/IIS 
100 |a Fisher, Eloy  
245 |a La destrucción creadora y la teoría del valor trabajo:   |b un modelo heterodoxo =   |b Creative destruction and the labor theory of values : a heterodox model /  |c Eloy Fisher 
500 |a eloyfisher@gmail.com  
520 |a Se presenta un modelo sobre el proceso de destrucción creadora presente en el capitalismo a partir de la integración de varios postulados comunes a la teoría económica marciana y la neoclásica. Se demuestra, desde los planteamientos teóricos de Marx, Schumpter y Samuelson, y desde el modelo del trabajo, que si se reconocen los supuestos de la teoría de valor del trabajo, nuevos procesos destruyen el valor de una mercancía dentro de una economía rústica hipotética donde el factor trabajo recibe el valor de su producto sin la mediación de excedentes.  
590 |a KSR/JULIO2012  
650 |a TRABAJO  
650 |a ECONOMIA  
650 |a TEORIA ECONOMICA  
650 |a MERCANCIAS  
650 |a MARXISMO  
773 |g volumen89, número1 (2010), páginas 97-103  
999 |c 19688  |d 19688